|
|
|
|
| LEADER |
00698nam a22002297a 4500 |
| 020 |
|
|
|a 8189474022
|
| 082 |
|
|
|a 823.0191
|b WOR
|
| 245 |
|
|
|a World 's Great Selected short stories /
|
| 260 |
|
|
|a New Delhi:
|b Jainco Publishers;
|
| 300 |
|
|
|a 736p.
|
| 650 |
|
|
|a Short Stories
|
| 650 |
|
|
|a Munro,H H
|
| 650 |
|
|
|a Henry, O
|
| 650 |
|
|
|a Poe, Edgar Allan
|
| 650 |
|
|
|a Dickens , Charles
|
| 650 |
|
|
|a Maupassant, Guy De
|
| 650 |
|
|
|a Thackeray, William Makepeace
|
| 650 |
|
|
|a Chekhov, Anton
|
| 650 |
|
|
|a London, Jack
|
| 942 |
|
|
|c BK
|
| 999 |
|
|
|c 53091
|d 53091
|
| 952 |
|
|
|0 0
|1 0
|4 0
|6 823_019100000000000_WOR
|7 0
|9 67181
|a KU
|b KU
|d 2019-02-05
|g 195.00
|l 1
|o 823.0191 WOR
|p EN14574
|r 2019-04-05
|s 2019-03-22
|w 2019-02-05
|y BK
|